Culture Générale - Mots commençant par W - Statistiques

Statistiques générales
  • Ce quiz a été pris 108 fois
  • Le résultat moyen est 8 sur 20
Statistiques - réponses
Description(s) Réponse(s) % Correct
Désigne un souhait, ou un vœu en Anglais WISH
89%
Prénom que Mozart et Goethe ont en commun. WOLFGANG
79%
Collectivité d'Outre-mer française située dans l'Océan Pacifique. WALLIS ET FUTUNA
74%
Espèce de mammifères herbivores de la famille des cervidés WAPITI
67%
Elle s'appelle Ophélie, et Dieu lui a donné la foi. WINTER
65%
Film de zombies américain réalisé par Marc Forster et sorti en 2013 avec Brad Pitt. WORLD WAR Z
57%
Nom du 28ème président des États-Unis (entre 1913 et 1921). WILSON
45%
Association qui supervise les principaux tournois féminins professionnels de Tennis dans le monde. On parle aussi du circuit. WTA
44%
Ville canadienne, capitale de la province du Manitoba et septième ville au niveau national en nombre d'habitants. WINNIPEG
41%
Branche militaire de la Schutzstaffel (SS), dont elle constitua l'une des composantes les plus importantes. (Par extension) Soldat de cette unité. WAFFEN SS
37%
Chanson de Britney Spears sortie en 2008 (album Circus). En un mot. WOMANIZER
33%
Prénom du légendaire basketteur Américain Chamberlain, considéré comme l'un des plus grands joueurs de l'histoire. WILT
32%
Pilote automobile australien totalisant neuf victoires avec Red Bull en F1. WEBBER
30%
Bataille ayant eu lieu du 5 au 6 juillet 1809 entre l'Empire français et l'Empire d'Autriche. WAGRAM
29%
Région historique d'Allemagne, comprise entre la Weser et le Rhin inférieur. WESTPHALIE
25%
Course cycliste d'un jour qui se déroule fin mars en Flandre en Belgique, le dernier dimanche avant le Tour des Flandres. Gand -------- . WEVELGEM
20%
Principale compagnie maritime britannique entre la fin du XIXᵉ siècle et le début du XXᵉ siècle, surtout connue pour avoir été copropriétaire du Titanic. WHITE STAR LINE
18%
Titre d'une chanson, tube signé F.R. David en 1982. WORDS
18%
Commune française située dans le département du Nord de 20 000 habitants. WASQUEHAL
16%
Cycliste Français vainqueur du Tour de France 1956 prénommé Roger. WALKOWIAK
13%
Aucun quiz correspondant
Distribution des résultats
% des personnes avec chaque résultat
Percentile par nombre de réponses
Votre historique - résultats
Vous n’avez pas pris ce quiz